Sports Quiz

Random Sports or Cricket Quiz

England One Day International Cricketers Quiz Stats

 Plays Quiz not verified by Sporcle

Support Sporcle.
Go Orange.
Score 0/224 Timer 20:00
0 Plays Today
Year Made ODI Debut Name % Correct
2006Stuart Broad
92%
1987Chris Broad
91.8%
2006Alastair Cook
91.7%
1981Geoff Cook
91.6%
1984Nick Cook
91.6%
2004Simon Jones
91.2%
Pre 1980Ian Botham
91.2%
2004Geraint Jones
91.1%
2004Kevin Pietersen
89.6%
2002James Anderson
89.3%
2013Joe Root
88.9%
1988Robin Smith
88.8%
2011Jonathan Bairstow
88.8%
2014Moeen Ali
88.7%
1984Chris Smith
88.7%
1986David Smith
88.6%
1996Neil Smith
88.6%
2004Ian Bell
88%
2000Marcus Trescothick
87.5%
Pre 1980David Gower
87.4%
2003Andrew Strauss
87.3%
1989Alec Stewart
86.8%
1999Andrew Flintoff
86.7%
2001Paul Collingwood
86.6%
1989Nasser Hussain
86.5%
Pre 1980Graham Gooch
86.3%
1990Mike Atherton
86.3%
2015Jason Roy
86.1%
2001Michael Vaughan
85.8%
2002Steve Harmison
85.8%
2014Alex Hales
85.6%
1994Darren Gough
85.4%
2009Eoin Morgan
85.2%
Pre 1980Geoffrey Boycott
84.8%
2000Graeme Swann
84%
2001Matthew Hoggard
83.8%
2012Jos Buttler
83.1%
2011James Taylor
82.5%
2018Sam Curran
82.4%
2015Mark Wood
82.3%
1991Graeme Hick
82.1%
2009Jonathan Trott
82%
2017Tom Curran
82%
Pre 1980David Bairstow
81.5%
2004Matthew Prior
81.4%
2015David Willey
81.2%
2011Ben Stokes
81.1%
Pre 1980Mike Gatting
80.8%
1993Graham Thorpe
80.7%
1993Andrew Caddick
80.6%
2007Monty Panesar
79.8%
2016Jake Ball
79.4%
2003Kabir Ali
79.1%
1990Chris Lewis
79%
2005Jon Lewis
79%
Pre 1980Bob Willis
78.9%
2007Ravi Bopara
78.8%
1997Ashley Giles
78.8%
1991Mark Ramprakash
78.6%
Pre 1980Bob Taylor
78.4%
1986Les Taylor
78.3%
1993Paul Taylor
78.3%
1982Allan Lamb
78.2%
2001James Foster
76.9%
1984Neil Foster
76.8%
2001Owais Shah
75.7%
2011Steve Finn
75%
1980Roland Butcher
74.7%
1980Alan Butcher
74.7%
1992Dominic Cork
74.6%
1996Nick Knight
74.5%
2001Ryan Sidebottom
74.4%
1990Phil Tufnell
74.1%
1987Jack Russell
74%
2006Liam Plunkett
73.7%
Year Made ODI Debut Name % Correct
1997Ben Hollioake
72.8%
1996Adam Hollioake
72.8%
2006Tim Bresnan
72.5%
2011Chris Woakes
72.4%
2000Chris Read
72.3%
2009Adil Rashid
72.2%
1990Devon Malcolm
72.2%
2015James Vince
72.2%
2005Chris Tremlett
71.7%
2013Gary Ballance
71.3%
2013Chris Jordan
71.2%
1994Craig White
71%
1996Robert Croft
70.7%
2010Craig Kieswetter
70.6%
2018Olly Stone
70.1%
1987Phillip Defreitas
70%
1987Neil Fairbrother
69.8%
Pre 1980Peter Willey
69.6%
2008Samit Patel
69.6%
2003Robert Key
69.5%
2004Saj Mahmood
69.3%
1980John Emburey
69.3%
1989Angus Fraser
69%
2016Liam Dawson
67.6%
Pre 1980David Lloyd
67.1%
1984Andy Lloyd
67%
1996Graham Lloyd
67%
2010James Tredwell
66.7%
2008Tim Ambrose
66.4%
1987Gladstone Small
66.4%
2007Luke Wright
66.4%
2018Craig Overton
66.3%
1996Alan Mullally
66.2%
2009Graham Onions
66.1%
1996Ali Brown
66%
1997Dougie Brown
66%
1996Mark Ealham
65.7%
1991Richard Illingworth
65.7%
Pre 1980Barry Wood
65.1%
Pre 1980Graham Dilley
65%
1982Derek Pringle
64.8%
2014Michael Lumb
64.3%
2013Boyd Rankin
64.2%
2013Michael Carberry
64.1%
2007Paul Nixon
63.3%
2015Sam Billings
63.1%
Pre 1980Chris Old
62.9%
Pre 1980Mike Brearley
62.6%
1994John Crawley
62.4%
2011Jade Dernbach
61.8%
2003Richard Johnson
61.6%
1991Dermot Reeve
61.6%
2016Ben Duckett
61.1%
2000Vikram Solanki
61%
2009Steven Davies
61%
2002Gareth Batty
60.9%
2006Michael Yardy
60.6%
2002Alex Tudor
60.6%
Pre 1980Phil Edmonds
60.4%
2006Ed Joyce
60.2%
Pre 1980Derek Underwood
60%
2010Ajmal Shahzad
59.2%
1994Matthew Maynard
59%
1996Ronnie Irani
58.9%
1985Chris Cowdrey
58.5%
2002Ian Blackwell
58.2%
2017Toby Roland-Jones
58.1%
1984Tim Robinson
57.6%
1998Chris Adams
57.6%
1994Shaun Udal
57.5%
1995Peter Martin
57%
Pre 1980Derek Randall
56.4%
1994Steve Watkin
56.3%
Pre 1980Wayne Larkins
56.1%
1990Martin Bicknell
56%
Year Made ODI Debut Name % Correct
1993Ian Salisbury
56%
2003Rikki Clarke
55.7%
Pre 1980Keith Fletcher
55.7%
2007Phil Mustard
55.1%
2011Scott Borthwick
55%
1998Darren Maddy
54.9%
1981Jack Richards
54.6%
2015Zafar Ansari
54.6%
1980Bill Athey
54.5%
2001James Kirtley
54.5%
2003Anthony McGrath
53.8%
Pre 1980Paul Downton
53.6%
2009Joe Denly
53.4%
1980Chris Tavare
53.4%
1995Alan Wells
53.4%
1999Vincent Wells
53.4%
1985Colin Wells
53.3%
1989Steve Rhodes
53.3%
2015Reece Topley
52.9%
1996Chris Silverwood
52.4%
1982Eddie Hemmings
51.9%
1983Graeme Fowler
51.9%
Pre 1980Mike Hendrick
51.8%
1996Mike Watkinson
51.8%
1985Jonathan Agnew
51.4%
1987David Capel
51.3%
1996Dean Headley
51.1%
1982Paul Allott
50.8%
1985Bruce French
50.5%
1990John Morris
50.4%
2006Jamie Dalrymple
50%
1998Ian Austin
49.9%
2014Harry Gurney
49.7%
1980Vic Marks
49.6%
1985Martyn Moxon
49.6%
1988Kim Barnett
49%
Pre 1980Geoff Miller
48.8%
1986Greg Thomas
48.7%
1991David Lawrence
48.1%
1985Rob Bailey
48.1%
2006Glen Chapple
47.9%
1984Richard Ellison
47.5%
Pre 1980John Lever
46.9%
1983Norman Cowans
46.7%
1999Mark Alleyne
45.9%
2007Mal Loye
45.9%
1994Alan Igglesden
45.8%
1986Wilf Slack
45.6%
2014Stephen Parry
45.5%
2004Alex Wharf
45.2%
1992Richard Blakey
45%
2011Stuart Meaker
45%
2003Jim Troughton
44.8%
2007Dimitri Mascarenhas
44.6%
1988Paul Jarvis
44.6%
1997Matthew Fleming
43.6%
2012Danny Briggs
43.5%
1988Neal Radford
42.6%
1980Graham Stevenson
41.9%
2001Jeremy Snape
41.9%
1994Joey Benjamin
41.8%
Pre 1980Robin Jackman
40.8%
1981Geoff Humpage
40.1%
1986Mark Benson
39.7%
1987James Whitaker
39.7%
1983Ian Gould
39.6%
2000Paul Franks
39.5%
1985Pat Pocock
39.1%
1988Monte Lynch
37.9%
2006Alex Loudon
36.7%
1983Trevor Jesty
36.5%
1981Jim Love
36.4%
1985Norman Gifford
35.6%
2000Paul Grayson
35.6%

You're not logged in!

Compare scores with friends on all Sporcle quizzes.
OR
Log In

From the Vault

Remove Ads.
Support Sporcle.
Get the best of Sporcle when you Go Orange. This ad-free experience offers more features, more stats, and more fun while also helping to support Sporcle. Thank you for becoming a member.

Show Comments

Extras

Top Quizzes Today


Score Distribution

Your Account Isn't Verified!

In order to create a playlist on Sporcle, you need to verify the email address you used during registration. Go to your Sporcle Settings to finish the process.

Report this User

Report this user for behavior that violates our Community Guidelines.

Details: